000 00351nam a2200133 a 4500
005 20140414093847.0
008 100616s19uu xx uuu eng d
050 _aCDR 899.2103
_bRIZ #12
100 _aRizal, Jose
245 _aNoli me tangere :
_bpasko at ang bagong taon (12) /
_cJose Rizal.
260 _cc2009.
942 _cAVM
999 _c109671
_d109671